| 000 | 00556nam a22001937a 4500 | ||
|---|---|---|---|
| 003 | BUBTL | ||
| 008 | 190430b xxu||||| |||| 00| 0 eng d | ||
| 020 | _a984-464-294-8 | ||
| 082 | _a341.2 / HOF | ||
| 100 |
_92088 _aHossain,M.Rabiul |
||
| 245 |
_aFundamentals of International Organisation / _cM.Rabiul Hossain |
||
| 250 | _a2nd ed. | ||
| 260 |
_aDhaka : _bShams Publications, _cc2013 |
||
| 300 |
_aXLii, 546 p. : _c22 cm. |
||
| 650 | 0 |
_92102 _aLaw |
|
| 856 |
_k0 _l0 _yDownload |
||
| 942 |
_2ddc _cBK |
||
| 999 |
_c6014 _d6014 |
||